Music Quiz

Random Music or The Beatles Quiz

Figure Out the Lyrics (Beatles 5) Quiz Stats

 Plays Quiz Updated Oct 6, 2017

Score 0/156 Timer 08:00
30 Plays Today
% Correct
I
98.2%
I
98.2%
I
98.2%
I
98.2%
I
98.2%
a
94.4%
the
89.5%
the
89.5%
the
89.5%
the
89.5%
the
89.5%
the
89.5%
the
89.5%
the
89.5%
the
89.5%
the
89.5%
the
89.5%
the
89.5%
and
75.3%
and
75.3%
and
75.3%
and
75.3%
it
70.4%
it
70.4%
it
70.4%
it
70.4%
it
70.4%
it
70.4%
it
70.4%
it
70.4%
to
65.1%
is
64.5%
all
57.4%
all
57.4%
all
57.4%
all
57.4%
all
57.4%
all
57.4%
it's
48.9%
it's
48.9%
it's
48.9%
it's
48.9%
it's
48.9%
it's
48.9%
it's
48.9%
it's
48.9%
It's
48.9%
It's
48.9%
say
48.6%
say
48.6%
say
48.6%
say
48.6%
% Correct
like
44.6%
like
44.6%
like
44.6%
right
44.6%
right
44.6%
right
44.6%
right
44.6%
right
44.6%
right
44.6%
Here
43.3%
Here
43.3%
here
43.3%
Here
43.3%
Here
43.3%
here
43.3%
Here
43.3%
Here
43.3%
here
43.3%
here
43.3%
here
43.3%
here
43.3%
here
43.3%
Here
43.3%
Here
43.3%
Here
43.3%
Here
43.3%
been
43%
been
43%
been
43%
been
43%
long
41.5%
Sun
41.1%
Sun
41.1%
Sun
41.1%
Sun
41.1%
Sun
41.1%
sun
41.1%
sun
41.1%
sun
41.1%
sun
41.1%
sun
41.1%
sun
41.1%
sun
41.1%
sun
41.1%
sun
41.1%
sun
41.1%
sun
41.1%
sun
41.1%
sun
41.1%
sun
41.1%
sun
41.1%
sun
41.1%
% Correct
sun
41.1%
sun
41.1%
sun
41.1%
sun
41.1%
that
40.7%
comes
40.6%
comes
40.6%
comes
40.6%
comes
40.6%
comes
40.6%
comes
40.6%
comes
40.6%
comes
40.6%
comes
40.6%
comes
40.6%
comes
40.6%
comes
40.6%
comes
40.6%
comes
40.6%
comes
40.6%
Little
37.5%
Little
37.5%
Little
37.5%
Little
37.5%
Little
37.5%
Little
37.5%
feel
36.1%
darling
36%
darling
36%
darling
36%
darling
36%
darling
36%
darling
36%
lonely
34.2%
winter
33%
since
32.9%
since
32.9%
since
32.9%
cold
31.9%
years
30.7%
years
30.7%
years
30.7%
seems
30.5%
seems
30.5%
feels
28.2%
slowly
24.4%
melting
24.2%
ice
23.8%
faces
20.9%
clear
20.5%
smiles
20.4%
returning
20.3%

You're not logged in!

Compare scores with friends on all Sporcle quizzes.
OR
Log In

Sporcle TV

Today on Sporcle TV


Watch our educational content, quiz creation guides, and fun videos on Sporcle TV.

Show Comments

Extras

Top Quizzes Today


Score Distribution

Your Account Isn't Verified!

In order to create a playlist on Sporcle, you need to verify the email address you used during registration. Go to your Sporcle Settings to finish the process.

Report this User

Report this user for behavior that violates our Community Guidelines.

Details: